[Event "XII Open Magistrale"]
[Site "Nuoro ITA"]
[Date "1993.08.??"]
[Round "?"]
[White "Arlandi, Ennio"]
[Black "Borgo, Giulio"]
[Result "1-0"]
[WhiteElo "2440"]
[BlackElo "2370"]
[PlyCount "80"]
[EventDate "1993.08.21"]

1. d4 Nf6 2. c4 c5 3. d5 b5 4. cxb5 a6 5. e3 axb5 6. Bxb5 Qa5+ 7. Nc3 Bb7 8. e4
Nxe4 9. Nge2 g6 10. O-O Nd6 11. a4 Bg7 12. Bg5 h6 13. Bf4 Nf5 14. Re1 O-O 15.
Ng3 Nd4 16. Be5 Bxe5 17. Rxe5 Qd8 18. Qd2 Kg7 19. Rae1 e6 20. dxe6 dxe6 21. Qf4
Nxb5 22. axb5 Nd7 23. R5e3 Nf6 24. Qe5 Qd4 25. Qc7 Bd5 26. Rd1 Rac8 27. Qe7 Qf4
28. Nce2 Qb8 29. b6 Qxb6 30. Nf4 Rce8 31. Nfh5+ Nxh5 32. Nxh5+ gxh5 33. Rg3+
Kh7 34. Qf6 Rg8 35. Qxf7+ Kh8 36. Qf6+ Kh7 37. Qf7+ Kh8 38. Qf6+ Kh7 39. Rxg8
Rxg8 40. Rxd5 Qc6 1-0

[Event "XII Open Magistrale"]
[Site "Nuoro ITA"]
[Date "1993.08.??"]
[Round "?"]
[White "Arlandi, Ennio"]
[Black "Charkova, Elena"]
[Result "1-0"]
[WhiteElo "2440"]
[BlackElo "2005"]
[PlyCount "81"]
[EventDate "1993.08.21"]

1. d4 d5 2. c4 c6 3. Nc3 Nf6 4. e3 e6 5. Nf3 Nbd7 6. Qc2 Bd6 7. b3 O-O 8. Be2
b6 9. O-O Bb7 10. a4 e5 11. cxd5 Nxd5 12. Nxd5 cxd5 13. dxe5 Nxe5 14. Bb2 Qe7
15. Rfd1 Rac8 16. Qd2 Ng4 17. Rac1 Ba3 18. Nd4 Bxb2 19. Qxb2 Nf6 20. h3 Qe5 21.
Rxc8 Bxc8 22. Rc1 Ne4 23. Qc2 h6 24. Qc7 Qg5 25. Nf3 Qf6 26. Qe5 Qxe5 27. Nxe5
Nc5 28. b4 Nxa4 29. Nc6 Be6 30. Rc2 b5 31. Bxb5 Nb6 32. Nxa7 Nc4 33. Nc6 Ra8
34. Nd4 Ra1+ 35. Kh2 Na3 36. Rb2 Nxb5 37. Nxb5 Kf8 38. Nd4 Ke7 39. b5 Bc8 40.
b6 Bb7 41. Rc2 1-0

[Event "XII Open Magistrale"]
[Site "Nuoro ITA"]
[Date "1993.08.??"]
[Round "?"]
[White "Barbero, Gerardo F."]
[Black "Garcia Palermo, Carlos Horacio"]
[Result "0-1"]
[WhiteElo "2520"]
[BlackElo "2455"]
[PlyCount "94"]
[EventDate "1993.08.21"]

1. d4 d5 2. c4 dxc4 3. Nf3 a6 4. e3 e6 5. Bxc4 c5 6. O-O Nf6 7. dxc5 Qxd1 8.
Rxd1 Bxc5 9. b3 Nbd7 10. Bb2 Ke7 11. Nbd2 b6 12. Be2 Bb7 13. Nc4 Rhc8 14. a3
Bd5 15. Nd4 b5 16. Nd2 Bxd4 17. Bxd4 e5 18. Bb2 Rc2 19. Bc1 Nc5 20. b4 Na4 21.
Bd3 Rc3 22. Bf1 e4 23. f3 Rd8 24. Re1 g6 25. fxe4 Nxe4 26. Nf3 Bc4 27. Nd4 Bxf1
28. Kxf1 h5 29. Ke2 f5 30. Rf1 Kf6 31. Bd2 Rc2 32. Rfd1 Rb2 33. Ke1 Rc8 34. Nf3
Rcc2 35. Rac1 Nxd2 36. Nxd2 Nc3 37. Rxc2 Rxc2 38. Ra1 h4 39. h3 g5 40. a4 bxa4
41. Ra3 Ke5 42. Nf3+ Ke4 43. Kf1 Kxe3 44. Kg1 g4 45. hxg4 fxg4 46. Nxh4 g3 47.
Ra1 Ne2+ 0-1

[Event "XII Open Magistrale"]
[Site "Nuoro ITA"]
[Date "1993.08.??"]
[Round "?"]
[White "Borgo, Giulio"]
[Black "Barbero, Gerardo F."]
[Result "0-1"]
[WhiteElo "2370"]
[BlackElo "2520"]
[PlyCount "72"]
[EventDate "1993.08.21"]

1. e4 e5 2. Nf3 d6 3. d4 exd4 4. Nxd4 g6 5. Nc3 Bg7 6. Be3 Nf6 7. Qd2 O-O 8.
O-O-O Re8 9. Bg5 Nc6 10. Bb5 Bd7 11. Bxc6 bxc6 12. Qf4 Qe7 13. Rhe1 Nh5 14. Qd2
Qf8 15. Qd3 Rab8 16. Bd2 Nf6 17. f3 c5 18. Nde2 Be6 19. Nf4 Nd7 20. Nxe6 fxe6
21. f4 Nb6 22. g3 Qf7 23. Qa6 c6 24. Re2 d5 25. e5 c4 26. Na4 Bf8 27. Be3 Qc7
28. b3 c5 29. Nb2 c3 30. Na4 d4 31. Bf2 Nd5 32. a3 Nb6 33. Qa5 Qc6 34. Nxb6
axb6 35. Qa4 b5 36. Qa7 Ra8 0-1

[Event "XII Open Magistrale"]
[Site "Nuoro ITA"]
[Date "1993.08.??"]
[Round "?"]
[White "Borgo, Giulio"]
[Black "Van Riemsdijk, Herman C."]
[Result "1/2-1/2"]
[WhiteElo "2370"]
[BlackElo "2405"]
[PlyCount "102"]
[EventDate "1993.08.21"]

1. e4 e5 2. Nf3 Nc6 3. Bb5 a6 4. Ba4 Nf6 5. O-O Be7 6. Bxc6 dxc6 7. d3 Nd7 8.
b3 f6 9. Nh4 O-O 10. Nf5 Rf7 11. Nxe7+ Qxe7 12. Bb2 Nf8 13. f4 exf4 14. Rxf4 f5
15. Nd2 Ng6 16. Rf2 fxe4 17. Rxf7 Qxf7 18. dxe4 Qf4 19. Qe2 Be6 20. Rf1 Qg4 21.
Qe3 Rf8 22. h3 Rxf1+ 23. Nxf1 Qd1 24. Qc3 Qd7 25. Ng3 Nf4 26. Qe5 Qf7 27. a3 h6
28. Kh2 Bc8 29. Ba1 Be6 30. Qd4 Qd7 31. Qe3 Qd6 32. Qc3 Nh5 33. e5 Qd1 34. Qd4
Qxd4 35. Bxd4 Nxg3 36. Kxg3 Bf5 37. c3 Kf7 38. b4 Ke6 39. Kf3 b6 40. g4 Bc2 41.
h4 g6 42. Kf4 Bd1 43. Be3 h5 44. gxh5 gxh5 45. Bf2 c5 46. bxc5 bxc5 47. Bxc5 a5
48. Ke4 a4 49. Ba7 c6 50. Kd4 Bg4 51. Bb8 Bd1 1/2-1/2

[Event "XII Open Magistrale"]
[Site "Nuoro ITA"]
[Date "1993.08.??"]
[Round "?"]
[White "Charkova, Elena"]
[Black "Sanna, Gianlazzaro"]
[Result "1-0"]
[WhiteElo "2005"]
[BlackElo "2390"]
[PlyCount "65"]
[EventDate "1993.08.21"]

1. d4 d5 2. c4 e6 3. Nc3 Nf6 4. Bg5 Be7 5. e3 h6 6. Bh4 O-O 7. Nf3 b6 8. Bxf6
Bxf6 9. Qb3 Bb7 10. Rd1 c6 11. e4 dxe4 12. Nxe4 Nd7 13. Bd3 e5 14. O-O exd4 15.
c5 Be7 16. Nxd4 Ne5 17. Nf5 Qc7 18. f4 Ng4 19. Qc3 Bf6 20. Nxf6+ Nxf6 21. Rf3
Bc8 22. Nxh6+ Kh8 23. Nf5 Bxf5 24. Bxf5 Rad8 25. Rdf1 Rd5 26. g4 Rxc5 27. Rh3+
Kg8 28. Qg3 Re8 29. Qh4 Kf8 30. Qh8+ Ke7 31. Re3+ Kd8 32. Rxe8+ Nxe8 33. Re1
1-0

[Event "XII Open Magistrale"]
[Site "Nuoro ITA"]
[Date "1993.08.??"]
[Round "?"]
[White "Contin, Daniel"]
[Black "Forintos, Gyozo Victor"]
[Result "0-1"]
[WhiteElo "2385"]
[BlackElo "2410"]
[PlyCount "118"]
[EventDate "1993.08.21"]

1. c4 e6 2. Nf3 a6 3. e4 c5 4. Nc3 Nc6 5. g3 Rb8 6. d4 cxd4 7. Nxd4 h5 8. Bf4
d6 9. Nf3 e5 10. Be3 Nf6 11. h3 Be7 12. Qd2 Qa5 13. Rb1 Bd7 14. a3 O-O 15. Ng5
Rfc8 16. Be2 Nd4 17. b4 Qc7 18. Bxd4 exd4 19. Qxd4 b5 20. f4 bxc4 21. e5 Bf5
22. Rc1 dxe5 23. fxe5 Qd7 24. Qf4 Nd5 25. Nxd5 Bxg5 26. Qxg5 Qxd5 27. Rf1 Bd3
28. Bf3 Qd4 29. Bxh5 Bxf1 30. Kxf1 Re8 31. Re1 Rb5 32. Qf4 Qxf4+ 33. gxf4 g5
34. Bf3 Re7 35. Be2 gxf4 36. Bxc4 Rbxe5 37. Rxe5 Rxe5 38. Bxa6 Re3 39. a4 Rxh3
40. Bc4 Rc3 41. Be2 Ra3 42. a5 Ra4 43. Kf2 Rxb4 44. Kf3 Kg7 45. a6 Kf6 46. Bd1
Rb1 47. Bc2 Ra1 48. Bd3 Ke5 49. Bb5 f5 50. Ke2 Ra5 51. Bd3 Ra3 52. Bb5 f3+ 53.
Kd2 Kd4 54. Kc2 Ra5 55. Bf1 Ra1 56. Kb2 Ra5 57. Kb3 f2 58. Kc2 Ra1 59. Kb2 Rxf1
0-1

[Event "XII Open Magistrale"]
[Site "Nuoro ITA"]
[Date "1993.08.??"]
[Round "?"]
[White "Cosenza, Gianni"]
[Black "Hoffman, Alejandro S."]
[Result "0-1"]
[WhiteElo "1915"]
[BlackElo "2440"]
[PlyCount "72"]
[EventDate "1993.08.21"]

1. e4 c5 2. Nf3 d6 3. d4 cxd4 4. Nxd4 Nf6 5. Nc3 g6 6. Be3 Bg7 7. Be2 O-O 8.
O-O Nc6 9. Nb3 Be6 10. f4 Qc8 11. Kh1 b6 12. Bf3 Bg4 13. Bg1 Bxf3 14. Qxf3 Nd7
15. a3 Nc5 16. Rad1 Bxc3 17. bxc3 Na4 18. Rfe1 Qc7 19. Rd2 Rac8 20. Qg3 Na5 21.
Nxa5 bxa5 22. Bd4 Nxc3 23. e5 Nb5 24. exd6 Qxd6 25. Red1 Qxa3 26. Qxa3 Nxa3 27.
Bxa7 Nxc2 28. Rc1 Nb4 29. Ra1 Nc6 30. Bb6 Rb8 31. Bc5 Rfd8 32. Re2 e6 33. g3
Rd5 34. Bf2 h6 35. Kg2 g5 36. Be3 Rb3 0-1

[Event "XII Open Magistrale"]
[Site "Nuoro ITA"]
[Date "1993.08.??"]
[Round "?"]
[White "De Sortis, Sergio"]
[Black "Arlandi, Ennio"]
[Result "0-1"]
[WhiteElo "1900"]
[BlackElo "2440"]
[PlyCount "68"]
[EventDate "1993.08.21"]

1. d4 d5 2. c4 e6 3. Nf3 Nf6 4. Nc3 Bb4 5. Bg5 Nbd7 6. cxd5 exd5 7. e3 c5 8. a3
Bxc3+ 9. bxc3 Qa5 10. Qc2 c4 11. Bxf6 Nxf6 12. Nd2 O-O 13. Be2 Re8 14. O-O g6
15. Qb2 Bf5 16. Qb4 Qc7 17. Rfe1 Re6 18. a4 h5 19. a5 Rae8 20. Nf1 h4 21. Ra2
Kg7 22. f3 Rc6 23. Kf2 a6 24. Rb2 Rb8 25. Qa3 b5 26. axb6 Rcxb6 27. Rxb6 Rxb6
28. Qa5 Qb7 29. Ra1 Rb2 30. Ke1 Bd3 31. Bxd3 cxd3 32. Nd2 Qe7 33. e4 Nxe4 34.
fxe4 Qg5 0-1

[Event "XII Open Magistrale"]
[Site "Nuoro ITA"]
[Date "1993.08.??"]
[Round "?"]
[White "Farago, Ivan"]
[Black "Kosten, Anthony C."]
[Result "1/2-1/2"]
[WhiteElo "2540"]
[BlackElo "2495"]
[PlyCount "65"]
[EventDate "1993.08.21"]

1. d4 Nf6 2. c4 g6 3. Nc3 Bg7 4. e4 d6 5. Be2 O-O 6. Nf3 e5 7. O-O a5 8. dxe5
dxe5 9. Qxd8 Rxd8 10. Bg5 Nbd7 11. Rfd1 Rf8 12. Nd2 c6 13. Na4 b6 14. Be3 Rb8
15. c5 b5 16. Nb6 a4 17. b3 axb3 18. axb3 Nxb6 19. cxb6 Be6 20. Rdc1 Rfc8 21.
Ra7 Nd7 22. b7 Rc7 23. Bxb5 Rcxb7 24. Rxb7 Rxb7 25. Bxc6 Rc7 26. Nf1 Bf8 27.
Bd5 Rxc1 28. Bxc1 Bxd5 29. exd5 Nc5 30. Bb2 f6 31. Nd2 Nd3 32. Bc3 Nf4 33. Kf1
1/2-1/2

[Event "XII Open Magistrale"]
[Site "Nuoro ITA"]
[Date "1993.08.??"]
[Round "?"]
[White "Farago, Ivan"]
[Black "Van Riemsdijk, Herman C."]
[Result "1/2-1/2"]
[WhiteElo "2540"]
[BlackElo "2405"]
[PlyCount "112"]
[EventDate "1993.08.21"]

1. d4 Nf6 2. c4 e6 3. Nf3 d5 4. Nc3 Bb4 5. Bg5 c5 6. cxd5 exd5 7. Rc1 Nbd7 8.
dxc5 Nxc5 9. Qd4 Bxc3+ 10. Qxc3 Nce4 11. Bxf6 Qxf6 12. Qxf6 Nxf6 13. e3 Kd7 14.
Bd3 Kd6 15. Kd2 Be6 16. Nd4 Rhc8 17. f3 h5 18. Nb5+ Ke7 19. Rxc8 Rxc8 20. Nxa7
Ra8 21. Nb5 Rxa2 22. Kc3 Nd7 23. Na3 Nb6 24. Rb1 Kd6 25. Kb4 d4 26. Nb5+ Ke5
27. Nxd4 Ra4+ 28. Kb5 Ra6 29. Nxe6 fxe6 30. Be4 Nd7 31. Rd1 Rb6+ 32. Ka5 Ra6+
33. Kb5 Rb6+ 34. Ka5 Ra6+ 35. Kb4 Rb6+ 36. Kc3 Nf6 37. Rd4 Nd5+ 38. Bxd5 exd5
39. Rb4 Rxb4 40. Kxb4 d4 41. g3 dxe3 42. Kc3 h4 43. Kd3 hxg3 44. hxg3 e2 45.
Kxe2 Kd4 46. f4 Ke4 47. Kf2 b5 48. b4 Kd4 49. g4 Ke4 50. Kg3 g6 51. g5 Ke3 52.
Kg4 Ke4 53. f5 gxf5+ 54. Kh3 Ke5 55. Kg3 f4+ 56. Kg4 Ke4 1/2-1/2

[Event "XII Open Magistrale"]
[Site "Nuoro ITA"]
[Date "1993.08.??"]
[Round "?"]
[White "Garcia Palermo, Carlos Horacio"]
[Black "Hoffman, Alejandro S."]
[Result "1-0"]
[WhiteElo "2455"]
[BlackElo "2440"]
[PlyCount "78"]
[EventDate "1993.08.21"]

1. Nf3 e6 2. e4 d5 3. exd5 exd5 4. d4 Nf6 5. Bd3 Be7 6. O-O O-O 7. Bg5 Bg4 8.
Nbd2 Nbd7 9. c3 Re8 10. Qc2 h6 11. Bh4 c5 12. Rfe1 c4 13. Bf5 Bxf5 14. Qxf5 g6
15. Qc2 Nh5 16. Bxe7 Rxe7 17. b3 b5 18. Rxe7 Qxe7 19. a4 cxb3 20. Qxb3 bxa4 21.
Qxd5 Nb6 22. Qe4 Qxe4 23. Nxe4 Nf4 24. Kf1 Nfd5 25. Ra3 a5 26. Ne5 Rc8 27. Nc5
Kg7 28. g3 f6 29. Ned3 h5 30. Nb2 h4 31. Kg2 Re8 32. Nbxa4 Nxa4 33. Nxa4 Re2
34. c4 Nb4 35. d5 Rd2 36. Nc5 Rc2 37. Ne6+ Kf7 38. Rxa5 Rxc4 39. Ra7+ Ke8 1-0

[Event "XII Open Magistrale"]
[Site "Nuoro ITA"]
[Date "1993.08.??"]
[Round "?"]
[White "Garcia Palermo, Carlos Horacio"]
[Black "Komarov, Dimitri"]
[Result "1-0"]
[WhiteElo "2455"]
[BlackElo "2525"]
[PlyCount "101"]
[EventDate "1993.08.21"]

1. d4 Nf6 2. c4 e6 3. Nf3 b6 4. g3 Bb7 5. Bg2 Be7 6. O-O O-O 7. Nc3 Ne4 8. Nxe4
Bxe4 9. Be3 c6 10. Ne1 Bxg2 11. Nxg2 d6 12. Qc2 Nd7 13. Rad1 Qc7 14. Bc1 Qb7
15. e4 d5 16. Ne3 dxe4 17. Qxe4 Nf6 18. Qg2 Rfd8 19. f4 Rd6 20. b3 Rad8 21. Bb2
Qd7 22. f5 e5 23. d5 cxd5 24. Bxe5 d4 25. Bxd6 dxe3 26. Bxe7 Qxd1 27. Bxd8 e2
28. Bxf6 gxf6 29. Rxd1 exd1=Q+ 30. Qf1 Qc2 31. Qf2 Qb1+ 32. Kg2 Qe4+ 33. Kh3
Kg7 34. g4 Qd3+ 35. Kh4 Qe4 36. Kh5 Qd3 37. h4 Qe4 38. Qd2 Kg8 39. Kh6 Qe8 40.
b4 Qf8+ 41. Kh5 Qe7 42. a3 Kg7 43. Qh6+ Kg8 44. Qc1 Qe4 45. c5 bxc5 46. bxc5
Qc6 47. Kh6 a6 48. Qf4 Qe8 49. Qd6 Qe3+ 50. g5 Qe8 51. c6 1-0

[Event "XII Open Magistrale"]
[Site "Nuoro ITA"]
[Date "1993.08.??"]
[Round "?"]
[White "Hoffman, Alejandro S."]
[Black "Farago, Ivan"]
[Result "1/2-1/2"]
[WhiteElo "2440"]
[BlackElo "2540"]
[PlyCount "25"]
[EventDate "1993.08.21"]

1. d4 Nf6 2. Nf3 e6 3. c4 b6 4. Nc3 Bb4 5. e3 Bb7 6. Bd3 O-O 7. O-O d5 8. cxd5
exd5 9. Ne2 Bd6 10. b3 Nbd7 11. Bb2 Qe7 12. Rc1 Rfc8 13. Bf5 1/2-1/2

[Event "XII Open Magistrale"]
[Site "Nuoro ITA"]
[Date "1993.08.??"]
[Round "?"]
[White "Hoffman, Alejandro S."]
[Black "Kosten, Anthony C."]
[Result "1/2-1/2"]
[WhiteElo "2440"]
[BlackElo "2495"]
[PlyCount "63"]
[EventDate "1993.08.21"]

1. d4 Nf6 2. c4 g6 3. Nc3 Bg7 4. e4 d6 5. Bd3 O-O 6. Nge2 c5 7. d5 e6 8. h3
exd5 9. exd5 Nbd7 10. f4 Ne8 11. O-O f5 12. Qc2 Ndf6 13. Bd2 Bd7 14. a3 Nc7 15.
Rab1 Rb8 16. b4 cxb4 17. axb4 b5 18. Be3 a6 19. Nd4 Re8 20. Bf2 bxc4 21. Bxc4
Ne4 22. Nc6 Bxc6 23. dxc6+ Kh8 24. Nd5 Nxd5 25. Bxd5 Nc3 26. Bf3 d5 27. Rb3 d4
28. Rd1 Nb5 29. Qc4 Qd6 30. g3 Rbc8 31. Ra1 Nc7 32. Ra5 1/2-1/2

[Event "XII Open Magistrale"]
[Site "Nuoro ITA"]
[Date "1993.08.??"]
[Round "?"]
[White "Hoffman, Alejandro S."]
[Black "Miljanic, Boro"]
[Result "1-0"]
[WhiteElo "2440"]
[BlackElo "2370"]
[PlyCount "107"]
[EventDate "1993.08.21"]

1. d4 Nf6 2. Nf3 g6 3. g3 Bg7 4. Bg2 O-O 5. O-O d6 6. Re1 Nbd7 7. e4 e5 8. Nc3
exd4 9. Nxd4 Re8 10. h3 Nc5 11. Nb3 Nfd7 12. Nd4 a5 13. a4 Nb6 14. Ndb5 Bd7 15.
Bf1 Bc6 16. f3 Qd7 17. Nd4 Nbxa4 18. Nxa4 Bxa4 19. Be3 Bc6 20. Qd2 Ne6 21. Nxc6
Qxc6 22. Ra2 Red8 23. Rd1 b6 24. h4 Rd7 25. Qd5 Qxd5 26. exd5 Nc5 27. Kf2 Rf8
28. Bb5 Re7 29. c3 Nd7 30. Raa1 h6 31. Re1 Nf6 32. Rad1 Rd8 33. Rd2 Kf8 34. Bc6
Re5 35. b4 axb4 36. cxb4 Ng8 37. Rc1 Re7 38. Ra2 Bf6 39. Ra7 Bb2 40. Rc2 Be5
41. f4 Bg7 42. Kf3 Nf6 43. Ba8 Ne8 44. Bc6 Nf6 45. Bd4 h5 46. Re2 Rxe2 47. Kxe2
Rc8 48. Kd3 Ng8 49. Bxg7+ Kxg7 50. Kc4 Nf6 51. Kb5 Kf8 52. Ka6 Ke7 53. Kb7 Kd8
54. Ra1 1-0

[Event "XII Open Magistrale"]
[Site "Nuoro ITA"]
[Date "1993.08.??"]
[Round "?"]
[White "Kharkova, Elena"]
[Black "Hoffman, Alejandro S."]
[Result "0-1"]
[WhiteElo "2205"]
[BlackElo "2440"]
[PlyCount "78"]
[EventDate "1993.08.21"]

1. d4 Nf6 2. c4 e6 3. Nf3 d5 4. Nc3 Be7 5. Bg5 O-O 6. e3 Nbd7 7. Rc1 dxc4 8.
Bxc4 a6 9. a4 c5 10. O-O cxd4 11. Qxd4 Qa5 12. e4 Bc5 13. Qd1 Ng4 14. Qe2 Nge5
15. Nxe5 Nxe5 16. Ba2 Bd7 17. Kh1 Rfc8 18. f4 Nc6 19. Rcd1 Qc7 20. Qg4 Bf8 21.
Bb1 Ne7 22. Rd3 Ng6 23. Qh5 h6 24. Rh3 Be8 25. f5 Ne5 26. f6 g6 27. Qh4 h5 28.
Bf4 Qc4 29. Rg1 Ng4 30. Rf3 Qd4 31. h3 Ne5 32. Rg3 Nd7 33. e5 Nxe5 34. Rd1 Qb4
35. Qg5 Nc6 36. Qxh5 Qxf4 37. Bxg6 fxg6 38. Rxg6+ Bxg6 39. Qxg6+ Kh8 0-1

[Event "XII Open Magistrale"]
[Site "Nuoro ITA"]
[Date "1993.08.??"]
[Round "?"]
[White "Komarov, Dimitri"]
[Black "Braga, Fernando Alberto"]
[Result "1-0"]
[WhiteElo "2525"]
[BlackElo "2455"]
[PlyCount "52"]
[EventDate "1993.08.21"]

1. d4 Nf6 2. Nf3 d5 3. c4 c6 4. Nc3 a6 5. g3 e6 6. Bg2 Nbd7 7. O-O dxc4 8. a4
a5 9. e4 Bb4 10. Qe2 b6 11. Nd2 O-O 12. Nxc4 Ba6 13. Rd1 Bxc3 14. bxc3 c5 15.
Qa2 cxd4 16. cxd4 Qc7 17. Ne3 Rac8 18. Ba3 Rfe8 19. e5 Nh5 20. Rac1 Qa7 21. Nc4
Bxc4 22. Rxc4 g6 23. Rdc1 Qa6 24. Bc6 Red8 25. Bxd7 Rxc4 26. Qxc4 Rxd7 1-0

[Event "XII Open Magistrale"]
[Site "Nuoro ITA"]
[Date "1993.08.??"]
[Round "?"]
[White "Komarov, Dimitri"]
[Black "Van Riemsdijk, Herman C."]
[Result "1-0"]
[WhiteElo "2525"]
[BlackElo "2405"]
[PlyCount "67"]
[EventDate "1993.08.21"]

1. d4 Nf6 2. c4 c5 3. d5 b5 4. Nf3 g6 5. cxb5 a6 6. Nc3 axb5 7. d6 Bg7 8. dxe7
Qxe7 9. Bf4 d5 10. Nxb5 O-O 11. Bd6 Qd7 12. Bxf8 Kxf8 13. e3 Ne4 14. Nd2 Nd6
15. Nxd6 Qxd6 16. Be2 Bxb2 17. Rb1 Be5 18. a4 Bf5 19. Rc1 c4 20. e4 Bd7 21. Nf3
Bf4 22. O-O Bxa4 23. Qd4 dxe4 24. Qh8+ Ke7 25. Rxc4 exf3 26. Re4+ Kd7 27. Bxf3
Bc6 28. Qe8+ Kc7 29. Qxf7+ Nd7 30. Qxf4 Bxe4 31. Rc1+ Nc5 32. Rxc5+ Kd7 33.
Bg4+ Bf5 34. Bxf5+ 1-0

[Event "XII Open Magistrale"]
[Site "Nuoro ITA"]
[Date "1993.08.??"]
[Round "?"]
[White "Kosten, Anthony C."]
[Black "Piskov, Yury"]
[Result "1/2-1/2"]
[WhiteElo "2495"]
[BlackElo "2550"]
[PlyCount "43"]
[EventDate "1993.08.21"]

1. e4 e6 2. d4 d5 3. exd5 exd5 4. Nf3 Nf6 5. Bd3 Be7 6. O-O O-O 7. Bg5 Bg4 8.
Re1 Re8 9. Nbd2 Nbd7 10. c3 h6 11. Bxf6 Bxf6 12. Qb3 Nb6 13. h3 Be6 14. Re3 Qd6
15. Rae1 c5 16. Qa3 Be7 17. dxc5 Qxc5 18. Qxc5 Bxc5 19. R3e2 Bd7 20. Ne5 Kf8
21. Nb3 Bd6 22. Nd4 1/2-1/2

[Event "XII Open Magistrale"]
[Site "Nuoro ITA"]
[Date "1993.08.??"]
[Round "?"]
[White "Kosten, Anthony C."]
[Black "Sanna, Gianlazzaro"]
[Result "1-0"]
[WhiteElo "2495"]
[BlackElo "2390"]
[PlyCount "65"]
[EventDate "1993.08.21"]

1. c4 e6 2. g3 d5 3. Bg2 dxc4 4. Na3 Nf6 5. Nxc4 c5 6. b3 Be7 7. Bb2 O-O 8. Nf3
Nc6 9. O-O Nd5 10. d4 Nxd4 11. Nxd4 cxd4 12. Qxd4 Bf6 13. Qd2 Bxb2 14. Qxb2 b5
15. Na3 b4 16. Nc2 Rb8 17. Rfd1 Qf6 18. Qxf6 Nxf6 19. Rd4 a5 20. Ne3 Bb7 21.
Nc4 Bxg2 22. Kxg2 Rb5 23. Rd6 Ra8 24. Rad1 Rd5 25. Nb6 Rxd1 26. Rxd1 Rb8 27.
Nc4 Nd5 28. Nxa5 Ra8 29. Nc6 Nc3 30. Rd4 Nxa2 31. Rc4 Nc3 32. Nxb4 Nxe2 33. Kf1
1-0

[Event "XII Open Magistrale"]
[Site "Nuoro ITA"]
[Date "1993.08.??"]
[Round "?"]
[White "Legky, Nikolay A."]
[Black "Farago, Ivan"]
[Result "1/2-1/2"]
[WhiteElo "2490"]
[BlackElo "2540"]
[PlyCount "95"]
[EventDate "1993.08.21"]

1. e4 e6 2. d4 d5 3. Nc3 Bb4 4. e5 Ne7 5. Nf3 c5 6. dxc5 Nbc6 7. Bd3 Ng6 8. O-O
Bxc5 9. Bg5 Qd7 10. Bxg6 hxg6 11. Ne2 Qc7 12. Bf4 b6 13. c3 Ba6 14. Re1 Be7 15.
Ned4 Nxd4 16. Nxd4 Qc4 17. Re3 Bc8 18. Qg4 Rh4 19. Qf3 Bd7 20. Bg3 Rh8 21. Qf4
g5 22. Qf3 b5 23. h3 a5 24. b3 Qc5 25. Rd1 Ra6 26. Qe2 Rb6 27. Red3 Rb7 28. Kh2
Qb6 29. f4 gxf4 30. Bxf4 Rc7 31. Bg3 b4 32. cxb4 axb4 33. Qg4 g6 34. Rf3 Bc8
35. Rdf1 Bc5 36. Rf4 g5 37. Qxg5 Bxd4 38. Bh4 Rd7 39. Rxf7 Rxf7 40. Rxf7 Bxe5+
41. Qxe5 Rxh4 42. Qg7 Qd6+ 43. Kh1 Rh8 44. Rc7 Kd8 45. Rxc8+ Kxc8 46. Qxh8+ Kb7
47. Qh7+ Kb6 48. Kg1 1/2-1/2

[Event "XII Open Magistrale"]
[Site "Nuoro ITA"]
[Date "1993.08.??"]
[Round "?"]
[White "Ljubisavljevic, Zivojin Z."]
[Black "Garcia Palermo, Carlos Horacio"]
[Result "1/2-1/2"]
[WhiteElo "2270"]
[BlackElo "2455"]
[PlyCount "87"]
[EventDate "1993.08.21"]

1. e4 c6 2. d4 d5 3. Nc3 dxe4 4. Nxe4 Bf5 5. Ng3 Bg6 6. f4 h5 7. h4 e6 8. Nf3
Nd7 9. Be2 Be7 10. Ng5 Ngf6 11. O-O Nb6 12. f5 exf5 13. Nxf5 Bxf5 14. Rxf5 Qd7
15. Rf1 c5 16. a4 Qxd4+ 17. Qxd4 cxd4 18. a5 Nbd5 19. a6 bxa6 20. Rxa6 O-O 21.
Bd2 Bc5 22. Bd3 Bb6 23. Ra4 Ne3 24. Rxf6 gxf6 25. Nh7 Rfd8 26. Nxf6+ Kh8 27.
Kf2 Nd1+ 28. Kf3 Nxb2 29. Ra1 Nxd3 30. cxd3 Rac8 31. Nxh5 Rc2 32. Bg5 Re8 33.
g3 f5 34. g4 fxg4+ 35. Kxg4 Rg2+ 36. Kf5 Rf2+ 37. Kg4 Ree2 38. Nf4 Re8 39. Rc1
Kg8 40. Rc6 Bd8 41. Rc8 Rf8 42. Bh6 Re8 43. Bg5 Rf8 44. Bh6 1/2-1/2

[Event "XII Open Magistrale"]
[Site "Nuoro ITA"]
[Date "1993.08.??"]
[Round "?"]
[White "Manca, Federico"]
[Black "Komarov, Dimitri"]
[Result "1-0"]
[WhiteElo "2390"]
[BlackElo "2525"]
[PlyCount "107"]
[EventDate "1993.08.21"]

1. e4 e6 2. d4 d5 3. Nc3 Bb4 4. e5 Ne7 5. Nf3 c5 6. a3 Bxc3+ 7. bxc3 b6 8. Bb5+
Bd7 9. Bd3 h6 10. a4 Nbc6 11. Ba3 Qc7 12. O-O Na5 13. Re1 Rc8 14. Nd2 O-O 15.
Qg4 f5 16. exf6 Rxf6 17. Nf3 e5 18. Qg3 e4 19. Ba6 Nf5 20. Qxc7 Rxc7 21. Ne5
cxd4 22. cxd4 Nxd4 23. c4 dxc4 24. Rad1 Nc2 25. Nxd7 Rxd7 26. Rxd7 Nxe1 27. Bb4
Nd3 28. Bxa5 bxa5 29. Bxc4+ Kf8 30. Bxd3 exd3 31. Rxd3 Ke7 32. g3 Rd6 33. Re3+
Kd7 34. Re5 Kc6 35. Rxa5 Kb6 36. Rb5+ Kc6 37. Rb4 Rd5 38. h4 h5 39. Rf4 a5 40.
Rf7 Kc5 41. Rxg7 Kb4 42. Rg5 Rd1+ 43. Kg2 Rd4 44. Rxh5 Kxa4 45. Rh8 Kb4 46. Rc8
a4 47. Rb8+ Kc4 48. Rc8+ Kb3 49. h5 Rd6 50. g4 a3 51. g5 Rd4 52. h6 Rg4+ 53.
Kf3 Rh4 54. g6 1-0

[Event "XII Open Magistrale"]
[Site "Nuoro ITA"]
[Date "1993.08.??"]
[Round "?"]
[White "Miljanic, Boro"]
[Black "Van Riemsdijk, Herman C."]
[Result "0-1"]
[WhiteElo "2370"]
[BlackElo "2405"]
[PlyCount "128"]
[EventDate "1993.08.21"]

1. e4 e5 2. Nf3 Nc6 3. d4 exd4 4. Nxd4 Bc5 5. Be3 Qf6 6. c3 Nge7 7. Bc4 O-O 8.
O-O a6 9. Ne6 fxe6 10. Bxc5 Qe5 11. Bxe7 Nxe7 12. Nd2 b5 13. Bd3 Bb7 14. Qe2
Ng6 15. g3 Qc5 16. Rae1 Ne5 17. Bb1 g5 18. h3 Rf6 19. Qe3 Qxe3 20. Rxe3 Raf8
21. f3 d6 22. Bc2 R8f7 23. a4 Kf8 24. axb5 axb5 25. Bd1 Ke7 26. Be2 Bc6 27. b4
Rf8 28. Ra1 Rb8 29. Nb3 Rff8 30. Ra7 Rb7 31. Ra6 Bd7 32. Kg2 Rbb8 33. Ra7 c6
34. Bd1 Nc4 35. Re2 Ra8 36. Rxa8 Rxa8 37. f4 gxf4 38. gxf4 Be8 39. Kf2 Ra3 40.
Re1 Nb2 41. Bc2 Na4 42. Ke3 Nxc3 43. Kd2 Na2 44. Ra1 Ra6 45. e5 Nxb4 46. Rxa6
Nxa6 47. exd6+ Kxd6 48. Bxh7 c5 49. f5 exf5 50. Bxf5 c4 51. Na5 Kc5 52. h4 Kd4
53. Nb7 b4 54. Nd6 c3+ 55. Kc2 Ba4+ 56. Kc1 Nc5 57. h5 Nb3+ 58. Kd1 Nd2+ 59.
Ke2 Nf3 60. Kxf3 Bd1+ 61. Kf2 c2 62. Bxc2 Bxc2 63. Ke2 Bd3+ 64. Kd2 b3 0-1

[Event "XII Open Magistrale"]
[Site "Nuoro ITA"]
[Date "1993.08.??"]
[Round "?"]
[White "Ortega, Lexy"]
[Black "Hoffman, Alejandro S."]
[Result "1/2-1/2"]
[WhiteElo "2450"]
[BlackElo "2440"]
[PlyCount "68"]
[EventDate "1993.08.21"]

1. Nf3 Nf6 2. g3 d5 3. Bg2 c6 4. d3 Bf5 5. O-O e6 6. Nbd2 h6 7. c4 Be7 8. b3
O-O 9. Bb2 Bh7 10. a3 a5 11. Qc2 Re8 12. Ne5 Nbd7 13. Nxd7 Nxd7 14. Bc3 b5 15.
cxb5 cxb5 16. b4 axb4 17. axb4 Nb6 18. Rxa8 Qxa8 19. Bd4 Rc8 20. Bc5 Bxc5 21.
bxc5 Qa3 22. Nb3 Na4 23. Rc1 Rc6 24. e4 dxe4 25. dxe4 Bg6 26. f4 e5 27. f5 Bh5
28. Bf1 Kh7 29. Bxb5 Rxc5 30. Nxc5 Qe3+ 31. Kg2 Bf3+ 32. Kf1 Bg4 33. Kg2 Bf3+
34. Kf1 Bg4 1/2-1/2

[Event "XII Open Magistrale"]
[Site "Nuoro ITA"]
[Date "1993.08.??"]
[Round "?"]
[White "Ortega, Lexy"]
[Black "Van Riemsdijk, Herman C."]
[Result "1-0"]
[WhiteElo "2450"]
[BlackElo "2405"]
[PlyCount "75"]
[EventDate "1993.08.21"]

1. Nf3 d5 2. d4 Nf6 3. c4 e6 4. Nc3 Bb4 5. cxd5 exd5 6. Qa4+ Nc6 7. Bg5 h6 8.
Bxf6 Qxf6 9. e3 O-O 10. Be2 Be6 11. a3 Bxc3+ 12. bxc3 a6 13. O-O b5 14. Qb3 Qe7
15. a4 Na5 16. Qa2 Rfb8 17. Ne5 c5 18. axb5 axb5 19. Bd3 b4 20. cxb4 cxb4 21.
Qe2 Qe8 22. h3 f6 23. Ng6 Nc6 24. Rxa8 Rxa8 25. Bb1 Ra3 26. Qb5 Bf7 27. Qxc6
Bxg6 28. Qxd5+ Qf7 29. Qc5 Bxb1 30. Rxb1 Rb3 31. Ra1 Kh7 32. Ra8 Qg6 33. Qd5
Qb1+ 34. Kh2 Ra3 35. Rb8 Ra7 36. e4 Qd3 37. Qf5+ g6 38. Qc8 1-0